Statistics for Largest Cities of Los Angeles

Click here to take the quiz!

General Stats

  • This quiz has been taken 72 times
  • The average score is 4 of 7

Answer Stats

pop city % Correct
3,793,000Los Angeles
100%
462,000Long Beach
83%
335,000Anaheim
70%
326,000Santa Ana
58%
213,000San Bernardino
48%
205,000Irvine
48%
204,000Fontana
17%

Score Distribution

Percentile by Number Answered

Percent of People with Each Score

Your Score History

You have not taken this quiz